000 00300nam a22001457a 4500
008 210514b ||||| |||| 00| 0 eng d
020 _a9780328017591
041 _aeng
080 _a37
082 _a37
100 _a46
101 _aEDU
245 _aSocial Studies
_cDawson,C
942 _2udc
_cBK
999 _c57321
_d57321